=LDR 00000nam 2200000 4500 =001 NUTBA000000000002564 =005 20140620094425.0 =006 =007 =008 =020 ##$$a 979-9408-81-4 =035 ##$$a 0010-061400000000507 =040 ##$$a NBPDMAT =082 ##$$a 635 =090 ##$$a 635 $b Pen r =100 ##$$a Penin H =245 ##$$a Rahasia emas sang Belinjo / $c Peni N.H ; penyunting, Rahma N. Djunaidi =250 ##$$a Cet. 3 =260 ##$$a Surabaya : $b Insan Cendekia, $c 2012 =300 ##$$a iv, 44 hlm : $b ilus. ; $c 21 cm. =500 ##$$a Bibliografi : hlm. 44 =650 ##$$a Belinjo =990 ##$$a 21401612